Statistics for Dominica Country Quiz

Click here to take the quiz!

General Stats

  • This quiz has been taken 76 times
  • The average score is 3 of 5

Answer Stats

HintAnswer% Correct
French territory to the southMartinique
94%
CapitalRoseau
91%
Territory of france to the northGuadeloupe
76%
Highest pointMorne Diablotins
33%
Second largest cityPortsmouth
24%

Score Distribution

Percentile by Number Answered

Percent of People with Each Score

Your Score History

You have not taken this quiz